000 00583nam a22002177a 4500
003 OSt
005 20140506112241.0
008 140506b xxu||||| |||| 00| 0 eng d
020 _a9780415478236
050 _aPN 4775
_b.B76 2010
100 _aBull, Andy.
245 _aMultimedia Journalism :
_ba practical guide /
_cAndy Bull.
260 _aUSA :
_bRoutledge,
_cc2010.
300 _axi. 482 p. :
_bcol. ill. ;
_c25 cm.
521 _aMC
650 _aJournalism.
650 _aOnline journalism.
650 _aInteractive multimedia.
942 _2lcc
_cBK
999 _c115804
_d115804